| 000 | 00521nam a2200145 4500 | ||
|---|---|---|---|
| 008 | 070215t19831943cau b 000 0 eng | ||
| 090 |
_aBV4211.2 _bV27h |
||
| 100 | 1 |
_aVan Cleave, Nathaniel M., _d1907- |
|
| 245 | 1 | 0 |
_aHandbook of preaching / _cNathaniel M. Van Cleave. |
| 260 |
_aLos Angeles, CA : _bL.I.F.E. Bible College, _c1983, c1943. |
||
| 300 |
_a89 p. ; _c22 cm. |
||
| 504 | _aBibliography: p. 88-89. | ||
| 650 | 4 |
_aPreaching _xHandbooks, manuals, etc. |
|
| 951 |
_p4394 _oBV4211.2/V27h _j070613111628578 _d2000-12-21 _cREF |
||
| 999 |
_c28567 _d28567 |
||